Quiz alphabet sur la France - Statistiques

Statistiques générales
  • Ce quiz a été pris 1 535 fois
  • Le résultat moyen est 22 sur 26
Statistiques - réponses
Lettre Question Réponse % Correct
E Monnaie actuel Euro
98%
F Ancienne monnaie Franc
98%
P Capitale Paris
97%
J Couleur du maillot du leader du tour de France Jaune
95%
Q Région canadienne où l'on parle français Québec
95%
S Fleuve de Paris Seine
95%
H Président actuel Hollande
94%
B Ville de vin Bordeaux
93%
M Principauté voisine de la France Monaco
92%
R Fleuve de Lyon Rhone
92%
Z Footballeur champion de monde Zidane
92%
T Monument de Paris Tour Eiffel
90%
N Ville de sud Nice
89%
A Région de Strasbourg Alsace
88%
X Prénom utilisé en France Xavier
88%
O Ville de Jeanne d'Arc Orléans
87%
V Chef gaulois Vercingétorix
82%
C Île française Corse
81%
U Ce qu'est la Sorbonne Université
81%
Y Département d'île de France Yvelines
78%
D Ville bourguignonne Dijon
77%
W Prénom utilisé en France William
77%
G Ancien président Giscard d'Estain
64%
K Handballeur champion du monde Karabatic
56%
L Perchiste international Lavillenie
46%
I Mouvement artistique de Renoir Impressionnisme
39%
Aucun quiz correspondant
Distribution des résultats
% des personnes avec chaque résultat
Percentile par nombre de réponses
Votre historique - résultats
Vous n’avez pas pris ce quiz